Profit Distribution by Dividends to Policyholders of Life Insurance
Trojfaktorový kontribučný vzorec pre stanovenie výšky dividendy. Výpočet dividendy pre dočasné poistenie na úmrtie. Pravdepodobnosti úmrtia pre rôzne veky. Rezervy pre dočasné poistenie na úmrtie. Náklady pre jednotlivé roky vypočítané na základe predpokladov poisťovne. Celková výška dividendy pre r...
Saved in:
| Main Author: | |
|---|---|
| Other Authors: | |
| Format: | Book Chapter |
| Language: | Slovak |
| Subjects: | |
| Tags: |
No Tags, Be the first to tag this record!
|
MARC
| LEADER | 00000naa$a2200000$$$4500 | ||
|---|---|---|---|
| 001 | 0250333 | ||
| 005 | 20240502074018.4 | ||
| 041 | 0 | |a slo | |
| 044 | |a SK | ||
| 245 | 1 | 0 | |a Profit Distribution by Dividends to Policyholders of Life Insurance |c Ingrid Ondrejková Krčová, Katarína Sakálová |
| 520 | |a Trojfaktorový kontribučný vzorec pre stanovenie výšky dividendy. Výpočet dividendy pre dočasné poistenie na úmrtie. Pravdepodobnosti úmrtia pre rôzne veky. Rezervy pre dočasné poistenie na úmrtie. Náklady pre jednotlivé roky vypočítané na základe predpokladov poisťovne. Celková výška dividendy pre rôzne omladenia. Celková výška dividendy pre rôzne zvýšenia úrokovej miery. | ||
| 610 | 2 | 0 | |a poistenie životné |
| 610 | 2 | 0 | |a poistníci |
| 610 | 2 | 0 | |a poisťovne |
| 610 | 2 | 0 | |a úmrtnosť |
| 610 | 2 | 0 | |a matematika poistná |
| 610 | 2 | 0 | |a zisk |
| 610 | 2 | 0 | |a dividendy |
| 100 | 1 | |a Ondrejková Krčová, Ingrid, 1969- | |
| 700 | 1 | |a Sakálová, Katarína, 1955- | |